[Event "EU-ch U12 Girls 31st"]
[Site "Mamaia"]
[Date "2023.09.06"]
[Round "2"]
[White "Kalyoncu, Beren"]
[Black "Nahapetyan, Ani"]
[Result "1-0"]
[WhiteElo "1595"]
[BlackElo "1358"]
[PlyCount "107"]
[EventDate "2023.09.05"]
[EventType "swiss"]
[EventRounds "9"]
[EventCountry "ROU"]
[SourceTitle "EXT 2024"]
[Source "ChessBase"]
[SourceDate "2023.10.10"]
[SourceVersion "1"]
[SourceVersionDate "2023.10.10"]
[SourceQuality "1"]

1. e4 c5 2. c3 Nf6 3. e5 Nd5 4. Nf3 Nc6 5. d4 cxd4 6. cxd4 d6 7. Bc4 e6 8. exd6 Bxd6 9. Nc3 Nb6 10. Bd3 h6 11. 0-0 Nd5 12. Re1 0-0 13. Bb1 Nf6 14. Qd3 Nb4 15. Qe2 b6 16. Ne5 Bb7 17. Ng4 Nbd5 18. Nxh6+ gxh6 19. Bxh6 Re8 20. Qd2 Ng4 21. h3 Nxh6 22. Qxh6 Qf6 23. Bh7+ Kh8 24. Bg6+ Kg8 25. Nxd5 Qg7 26. Nf6+ Kf8 27. Qxg7+ Kxg7 28. Nxe8+ Rxe8 29. Bd3 Rd8 30. Red1 Be7 31. Bc4 Bf6 32. Rd3 Bxd4 33. Rad1 e5 34. b4 Kf6 35. b5 Be4 36. R3d2 Rg8 37. g4 Rd8 38. Kh2 Rc8 39. Bb3 Rc5 40. Rxd4 exd4 41. Rxd4 Bg6 42. Rd5 Rc3 43. Rd7 Rf3 44. Kg2 Rf4 45. Kg3 Rb4 46. Rxa7 Rxb5 47. Rb7 Rb4 48. h4 Be4 49. Rxf7+ Kg6 50. Rf4 Rd4 51. f3 Rd3 52. Rxe4 b5 53. Bc2 Rd2 54. Re2+ 1-0

[Event "Wch U12 Girls blitz"]
[Site "Batumi"]
[Date "2023.06.11"]
[Round "7"]
[White "Diloyan, Angelina"]
[Black "Nahapetyan, Ani"]
[Result "1-0"]
[WhiteElo "1232"]
[BlackElo "1366"]
[PlyCount "129"]
[EventDate "2023.06.10"]
[EventType "swiss (blitz)"]
[EventRounds "11"]
[EventCountry "GEO"]
[SourceTitle "EXT 2024"]
[Source "ChessBase"]
[SourceDate "2023.10.10"]
[SourceVersion "1"]
[SourceVersionDate "2023.10.10"]
[SourceQuality "1"]
[WhiteTeam "Armenia"]
[BlackTeam "Armenia"]
[WhiteTeamCountry "ARM"]
[BlackTeamCountry "ARM"]

1. e4 c5 2. Nf3 d6 3. d4 cxd4 4. Qxd4 Nc6 5. Bb5 Bd7 6. Bxc6 Bxc6 7. Nc3 Nf6 8. Bg5 h6 9. Bh4 g5 10. Bg3 Bg7 11. Qd3 Qb6 12. 0-0-0 Nh5 13. Rhe1 Nxg3 14. fxg3 a6 15. Qc4 0-0 16. b3 Rac8 17. Qd3 Qb4 18. Nd5 Qa3+ 19. Kd2 Bxd5 20. exd5 Bc3+ 21. Ke2 Bxe1 22. Rxe1 Qc5 23. Nd4 Qxd5 24. Kf1 e5 25. Nf5 Qxd3+ 26. cxd3 Kh7 27. Nxd6 Rcd8 28. Nxb7 Rxd3 29. Nc5 Rd5 30. Nxa6 Ra5 31. Nb4 Rb8 32. Nc6 Rab5 33. Nxb8 Rxb8 34. Rxe5 Ra8 35. a4 Rb8 36. Rb5 Rc8 37. Ke2 Rc2+ 38. Kf3 Rc3+ 39. Ke4 Rc2 40. Rb7 Kg7 41. Kf3 Rc3+ 42. Kg4 Rc2 43. a5 Rxg2 44. Kh3 Ra2 45. b4 h5 46. Rb5 Kg6 47. g4 Ra3+ 48. Kg2 Ra2+ 49. Kg1 Ra1+ 50. Kf2 Ra2+ 51. Ke3 Rxh2 52. gxh5+ Kxh5 53. a6 Ra2 54. Ra5 Rc2 55. a7 Rc8 56. a8Q Rxa8 57. Rxa8 Kg4 58. b5 f5 59. b6 f4+ 60. Kf2 Kh3 61. Rh8+ Kg4 62. b7 Kf5 63. b8Q g4 64. Rh5+ Ke4 65. Qb4+ 1-0

[Event "Wch U12 Girls blitz"]
[Site "Batumi"]
[Date "2023.06.11"]
[Round "9"]
[White "Le, Thai Hoang Anh"]
[Black "Nahapetyan, Ani"]
[Result "1-0"]
[WhiteElo "1297"]
[BlackElo "1366"]
[PlyCount "113"]
[EventDate "2023.06.10"]
[EventType "swiss (blitz)"]
[EventRounds "11"]
[EventCountry "GEO"]
[SourceTitle "EXT 2024"]
[Source "ChessBase"]
[SourceDate "2023.10.10"]
[SourceVersion "1"]
[SourceVersionDate "2023.10.10"]
[SourceQuality "1"]
[WhiteTeam "Vietnam"]
[BlackTeam "Armenia"]
[WhiteTeamCountry "VIE"]
[BlackTeamCountry "ARM"]

1. e4 c5 2. Nf3 Nc6 3. d4 cxd4 4. Nxd4 Nf6 5. Nc3 d6 6. Be2 e6 7. Be3 Be7 8. 0-0 0-0 9. f4 Bd7 10. Bf3 a6 11. a3 Rc8 12. Qd2 b5 13. Qf2 Nxd4 14. Bxd4 Rc4 15. Rad1 Qb8 16. e5 Ne8 17. Kh1 b4 18. axb4 Qxb4 19. b3 Rxc3 20. Bxc3 Qxc3 21. Qa7 Bb5 22. Qxe7 Bxf1 23. exd6 Nxd6 24. Qxd6 Bb5 25. Be4 Be2 26. Rb1 Qe3 27. Qe5 Qd2 28. h3 Rd8 29. c4 Bd3 30. Bxd3 Qxd3 31. Qb2 Qe3 32. Rf1 Rd2 33. Qe5 Qxe5 34. fxe5 Re2 35. Ra1 Rxe5 36. Rxa6 h6 37. b4 Re4 38. Rc6 e5 39. b5 Re1+ 40. Kh2 e4 41. b6 Rb1 42. c5 e3 43. Rc8+ Kh7 44. Re8 Rb3 45. c6 Rxb6 46. c7 Rc6 47. c8Q Rxc8 48. Rxc8 f5 49. Kg3 g5 50. Kf3 f4 51. Rc6 h5 52. g3 e2 53. Kxe2 fxg3 54. Kf3 h4 55. Kg4 Kg7 56. Kxg5 g2 57. Rc1 1-0

[Event "Wch U12 Girls rapid"]
[Site "Batumi"]
[Date "2023.06.07"]
[Round "4"]
[White "Nahapetyan, Ani"]
[Black "Preobrazhenskaya, Diana"]
[Result "0-1"]
[WhiteElo "1366"]
[BlackElo "1884"]
[PlyCount "51"]
[EventDate "2023.06.06"]
[EventType "swiss (rapid)"]
[EventRounds "11"]
[EventCountry "GEO"]
[SourceTitle "EXT 2024"]
[Source "ChessBase"]
[SourceDate "2023.10.10"]
[SourceVersion "1"]
[SourceVersionDate "2023.10.10"]
[SourceQuality "1"]
[WhiteTeam "Armenia"]
[BlackTeam "FIDE"]
[WhiteTeamCountry "ARM"]

1. e4 c5 2. Nc3 a6 3. Nf3 d6 4. d4 cxd4 5. Nxd4 Nf6 6. Be3 e5 7. Nb3 Be6 8. Qd2 Nbd7 9. h3 h5 10. Be2 Be7 11. f4 b5 12. Bf3 Rc8 13. f5 Bc4 14. Rg1 h4 15. Bf2 a5 16. a3 Qc7 17. Qg5 Nxe4 18. Qxg7 Bf6 19. Qxh8+ Bxh8 20. Bxe4 Nf6 21. Bxh4 Nxe4 22. Nxe4 d5 23. Nc3 e4 24. f6 Qf4 25. Bf2 e3 26. Nb1 0-1

[Event "Wch U12 Girls"]
[Site "Batumi"]
[Date "2022.09.26"]
[Round "10"]
[White "Nahapetyan, Ani"]
[Black "Kocharyan, Sona"]
[Result "1/2-1/2"]
[WhiteElo "1117"]
[BlackElo "1259"]
[PlyCount "70"]
[EventDate "2022.09.16"]
[EventType "swiss"]
[EventRounds "11"]
[EventCountry "GEO"]
[SourceTitle "EXT 2023"]
[Source "ChessBase"]
[SourceDate "2022.10.05"]
[SourceVersion "1"]
[SourceVersionDate "2022.10.05"]
[SourceQuality "1"]

1. e4 c5 2. d3 Nc6 3. Nf3 g6 4. g3 Bg7 5. Bg2 e6 6. 0-0 Nge7 7. Re1 d6 8. c3 Qb6 9. Nbd2 Qc7 10. Nf1 d5 11. Bf4 Qb6 12. Qd2 h6 13. Bd6 dxe4 14. dxe4 0-0 15. Bf4 Rd8 16. Qc1 Kh7 17. Be3 Qa5 18. N1d2 b6 19. Bf1 Ba6 20. Nb3 Qa4 21. Bxc5 Bxf1 22. Bxe7 Nxe7 23. Kxf1 Rd7 24. Qc2 Rad8 25. Kg1 Rd3 26. Qe2 R3d7 27. Nbd2 Rd3 28. Kg2 Qb5 29. Rab1 Nc6 30. Nb3 a6 31. Nc1 R3d7 32. Qxb5 axb5 33. Nb3 Rd3 34. Re2 b4 35. c4 Ra8 1/2-1/2

[Event "Wch U12 Girls"]
[Site "Batumi"]
[Date "2022.09.24"]
[Round "8"]
[White "Kong, Emma Zihan"]
[Black "Nahapetyan, Ani"]
[Result "0-1"]
[WhiteElo "1270"]
[BlackElo "1117"]
[PlyCount "86"]
[EventDate "2022.09.16"]
[EventType "swiss"]
[EventRounds "11"]
[EventCountry "GEO"]
[SourceTitle "EXT 2023"]
[Source "ChessBase"]
[SourceDate "2022.10.05"]
[SourceVersion "1"]
[SourceVersionDate "2022.10.05"]
[SourceQuality "1"]

1. d4 d5 2. c4 e6 3. Nf3 Nf6 4. Bg5 Be7 5. e3 h6 6. Bh4 b6 7. Nc3 Bb7 8. Be2 0-0 9. 0-0 Nbd7 10. cxd5 Nxd5 11. Bg3 Nxc3 12. bxc3 Rc8 13. Qa4 a6 14. Rac1 c5 15. Qb3 b5 16. Qb1 Nf6 17. Rfd1 Qa5 18. Nd2 c4 19. Bxc4 Ba3 20. Rc2 Be4 21. Nxe4 Nxe4 22. Bd3 Nxc3 23. Rxc3 Qxc3 24. h3 Qc1 25. Kh2 Qxb1 26. Rxb1 f5 27. Rb3 Be7 28. Be5 Rfd8 29. g4 fxg4 30. hxg4 Bd6 31. Bxd6 Rxd6 32. f4 Rdc6 33. Be4 Rc3 34. Bb7 Rxb3 35. axb3 Rc2+ 36. Kg3 Rc3 37. Bxa6 Rxe3+ 38. Kf2 Rxb3 39. Bc8 Kf7 40. Bb7 Rd3 41. Ba6 Rxd4 42. Bxb5 Rxf4+ 43. Kg3 e5 0-1

[Event "Wch U12 Girls"]
[Site "Batumi"]
[Date "2022.09.23"]
[Round "7"]
[White "Munkhpurev, Margad"]
[Black "Nahapetyan, Ani"]
[Result "1-0"]
[WhiteElo "1372"]
[BlackElo "1117"]
[PlyCount "45"]
[EventDate "2022.09.16"]
[EventType "swiss"]
[EventRounds "11"]
[EventCountry "GEO"]
[SourceTitle "EXT 2023"]
[Source "ChessBase"]
[SourceDate "2022.10.05"]
[SourceVersion "1"]
[SourceVersionDate "2022.10.05"]
[SourceQuality "1"]

1. e4 c5 2. Nf3 d6 3. d4 cxd4 4. Nxd4 Nf6 5. Nc3 g6 6. Be3 Bg7 7. f3 0-0 8. Bc4 Nc6 9. Qd2 Re8 10. h4 a6 11. 0-0-0 b5 12. Nxc6 Qc7 13. Nxe7+ Rxe7 14. Be2 Rd7 15. Bh6 Bh8 16. Bf4 b4 17. Nb1 Ne8 18. Qe3 Bb7 19. Nd2 Rc8 20. Qb3 a5 21. Bd3 Qc6 22. Be3 Rb8 23. Bb6 1-0

[Event "Wch U12 Girls"]
[Site "Batumi"]
[Date "2022.09.20"]
[Round "5"]
[White "Sezdbekova, Aizhan"]
[Black "Nahapetyan, Ani"]
[Result "1-0"]
[WhiteElo "1447"]
[BlackElo "1117"]
[PlyCount "89"]
[EventDate "2022.09.16"]
[EventType "swiss"]
[EventRounds "11"]
[EventCountry "GEO"]
[SourceTitle "EXT 2023"]
[Source "ChessBase"]
[SourceDate "2022.10.05"]
[SourceVersion "1"]
[SourceVersionDate "2022.10.05"]
[SourceQuality "1"]

1. e4 c5 2. Nf3 Nc6 3. Bb5 d6 4. 0-0 g6 5. c3 Bg7 6. d4 cxd4 7. cxd4 a6 8. Bxc6+ bxc6 9. Nc3 Nf6 10. h3 0-0 11. Be3 Bb7 12. Qb3 Rb8 13. e5 Nd5 14. exd6 Qxd6 15. Ne4 Qb4 16. Qxb4 Nxb4 17. Nc5 Bc8 18. Bf4 Ra8 19. a3 Nd5 20. Bg3 a5 21. Ne5 Ba6 22. Rfc1 Rfc8 23. Nxa6 Rxa6 24. Rc5 Bh6 25. Nxc6 Raxc6 26. Rxd5 a4 27. Rb5 Rc4 28. Rd1 Bg7 29. Be5 Rd8 30. Bxg7 Kxg7 31. d5 Kf6 32. Kf1 Rd6 33. Ke2 Ke5 34. g3 g5 35. Rb7 Re4+ 36. Kf3 Rf6+ 37. Kg2 Kf5 38. Rd3 Rd6 39. Kf3 h5 40. g4+ hxg4+ 41. hxg4+ Rxg4 42. Rxe7 Rf4+ 43. Ke3 Kf6 44. Re4 Rf5 45. Rxa4 1-0

[Event "Wch U12 Girls"]
[Site "Batumi"]
[Date "2022.09.18"]
[Round "3"]
[White "Misheel, Bold"]
[Black "Nahapetyan, Ani"]
[Result "1/2-1/2"]
[WhiteElo "1593"]
[BlackElo "1117"]
[PlyCount "89"]
[EventDate "2022.09.16"]
[EventType "swiss"]
[EventRounds "11"]
[EventCountry "GEO"]
[SourceTitle "EXT 2023"]
[Source "ChessBase"]
[SourceDate "2022.10.05"]
[SourceVersion "1"]
[SourceVersionDate "2022.10.05"]
[SourceQuality "1"]

1. e4 c5 2. Nc3 g6 3. a3 Bg7 4. Bc4 Nc6 5. Nge2 e6 6. d3 Nge7 7. Ba2 0-0 8. 0-0 a6 9. Be3 d6 10. Qd2 Nd4 11. Rab1 Re8 12. Ng3 b5 13. f4 Qc7 14. Rfc1 Bd7 15. Qf2 Rf8 16. Nce2 Nxe2+ 17. Nxe2 Bc6 18. Ng3 Qd7 19. Rf1 Rae8 20. Bd2 Kh8 21. Kh1 f5 22. Be3 a5 23. c3 fxe4 24. dxe4 c4 25. Qd2 a4 26. Rbd1 Rd8 27. Bb6 Rb8 28. Ba5 d5 29. Bb4 Rf7 30. Bxe7 Qxe7 31. e5 Bh6 32. Qd4 Qh4 33. Ne2 Rbf8 34. g3 Qh5 35. Rf2 g5 36. Rdf1 g4 37. Bb1 Bg7 38. Kg1 Bd7 39. Nc1 Rc8 40. Ne2 Bf8 41. Qd2 Qh6 42. Nd4 Bc5 43. Kh1 Rcf8 44. Bc2 Qg7 45. Bb1 1/2-1/2

[Event "Wch U12 Girls"]
[Site "Batumi"]
[Date "2022.09.17"]
[Round "2"]
[White "Nahapetyan, Ani"]
[Black "Sida, Flavia Maria"]
[Result "1-0"]
[WhiteElo "1117"]
[BlackElo "1529"]
[PlyCount "117"]
[EventDate "2022.09.16"]
[EventType "swiss"]
[EventRounds "11"]
[EventCountry "GEO"]
[SourceTitle "EXT 2023"]
[Source "ChessBase"]
[SourceDate "2022.10.05"]
[SourceVersion "1"]
[SourceVersionDate "2022.10.05"]
[SourceQuality "1"]

1. e4 c5 2. Nf3 d6 3. d4 cxd4 4. Nxd4 Nf6 5. Nc3 g6 6. Be3 Bg7 7. Be2 a6 8. h3 b5 9. Bf3 e5 10. Nde2 Bb7 11. a3 Nc6 12. Qd2 h6 13. Rd1 Bf8 14. g3 Qc7 15. Bg2 0-0-0 16. a4 bxa4 17. Nxa4 Nd7 18. Nec3 Nb4 19. h4 Be7 20. Bh3 Kb8 21. Bxd7 Rxd7 22. Bb6 Qc8 23. Nc5 Nxc2+ 24. Kf1 Nd4 25. Nxd7+ Qxd7 26. Bxd4 exd4 27. Qxd4 Rc8 28. f3 Qe6 29. Nd5 f5 30. Re1 fxe4 31. fxe4 Qg4 32. Qd3 Rf8+ 33. Kg2 Bd8 34. Ref1 Re8 35. Rf4 Qe6 36. Rhf1 g5 37. hxg5 hxg5 38. Rf8 Bb6 39. R1f6 Qe5 40. Rxe8+ Qxe8 41. Rxd6 Bc5 42. Rf6 Qe5 43. Rf5 Qxb2+ 44. Kf1 Bc8 45. Rf7 Qc1+ 46. Ke2 Bg4+ 47. Rf3 Qb2+ 48. Kf1 Bh3+ 49. Ke1 Qa1+ 50. Kd2 Qb2+ 51. Qc2 Qd4+ 52. Kc1 Qg1+ 53. Kb2 Bd4+ 54. Nc3 g4 55. Qb3+ Bb6 56. Rf8+ Kb7 57. Qd5+ Kc7 58. Rf7+ Kc8 59. Qa8# 1-0

[Event "EU-ch Hybrid U10 Girls"]
[Site "Tornelo INT"]
[Date "2021.10.15"]
[Round "8"]
[White "Nahapetyan, Ani"]
[Black "Mateeva, Yana"]
[Result "1-0"]
[WhiteElo "1075"]
[BlackElo "1299"]
[PlyCount "39"]
[EventDate "2021.10.15"]
[EventType "swiss"]
[EventRounds "9"]
[EventCountry "NET"]
[SourceTitle "EXT 2023"]
[Source "ChessBase"]
[SourceDate "2022.10.05"]
[SourceVersion "1"]
[SourceVersionDate "2022.10.05"]
[SourceQuality "1"]
[WhiteTeam "Armenia"]
[BlackTeam "Bulgaria"]
[WhiteTeamCountry "ARM"]
[BlackTeamCountry "BUL"]

1. e4 c6 2. d4 d5 3. exd5 cxd5 4. Bd3 Nc6 5. c3 Qc7 6. Nf3 Bg4 7. 0-0 e6 8. Re1 Bd6 9. h3 Bh5 10. Nbd2 Bg6 11. Nf1 Nge7 12. b3 0-0 13. a4 Na5 14. Bxg6 Qxc3 15. Bd2 Qc7 16. Bxh7+ Kxh7 17. Ng5+ Kg6 18. Qg4 f5 19. Qh4 e5 20. Ne6 1-0